Statistiche per Trasferimenti più costosi - Spagna

Clicka qui per fare il quiz!

Statistiche generali

  • Questo quiz è stato fatto 35 volte
  • Il punteggio medio è 11 su 20

Statistiche sulle risposte

Costo (M €)DaAAnnoCalciatore% Corretto
80Athletic BilbaoChelsea2018Kepa Arrizabalaga
94%
65Athletic BilbaoManchester City2018Aymeric Laporte
74%
48ValenciaLazio2001Gaizka Mendieta
71%
65,30BrightonChelsea2022Marc Cucurella
71%
58,50LiverpoolChelsea2011Fernando Torres
65%
38Atletico MadridLiverpool2007Fernando Torres
65%
66Real MadridChelsea2017Álvaro Morata
61%
35ChelseaAtletico Madrid2020Álvaro Morata
61%
34ArsenalBarcellona2011Cesc Fàbregas
61%
33,50ValenciaManchester City2020Ferran Torres
61%
55Manchester CityBarcellona2022Ferran Torres
61%
62,70Atletico MadridManchester City2019Rodri
61%
40ValenciaBarcellona2010David Villa
52%
40Athletic BilbaoBayern Monaco2012Javi Martinez
48%
34,50LiverpoolReal Madrid2009Xabi Alonso
48%
38Atletico MadridChelsea2014Diego Costa
42%
60ChelseaAtletico Madrid2018Diego Costa
42%
44,73ChelseaManchester United2014Juan Mata
42%
36Athletic BilbaoManchester United2014Ander Herrera
26%
35,60SivigiliaAtletico Madrid2017Vitolo
13%

Distribuzione punteggi

Percentile per numero di risposta

Percentuale di utenti per punteggio

I tuoi punteggi nel tempo

Non hai fatto questo quiz